15 Największych miast w województwie Wielkopolskim - Statystyki

Ogólne statystyki
  • Ten quiz został rozwiązany 36 razy
  • Średni wynik to 11 z 15
Statystyki odpowiedzi
nr ludność miasto % Poprawnych
2 95,000 Kalisz
97%
5 67,000 Konin
97%
1 537,000 Poznań
97%
3 70,000 Piła
94%
6 64,000 Gniezno
85%
7 60,000 Leszno
82%
4 69,000 Ostrów Wielkopolski
79%
9 32,000 Września
65%
13 27,000 Jarocin
62%
14 25,000 Środa Wielkopolska
62%
11 28.600 Swarzędz
62%
10 29,000 Krotoszyn
53%
8 33,000 Luboń
53%
12 28,000 Śrem
53%
15 24,900 Wągrowiec
41%
Nie znaleziono quizów pasujących do podanych kryteriów
Rozkład punktacji
Procent ludzi z każdym wynikiem
Percentyl według liczby udzielonych odpowiedzi
Twoja historia wyników
Nie rozwiązałeś tego quizu